| 000 | 00513nam a2200169 4500 | ||
|---|---|---|---|
| 001 | 131059 | ||
| 003 | ES-MaACL | ||
| 005 | 20230906193915.0 | ||
| 007 | t| | ||
| 008 | 070214s1959 sp r ||||1| spa d | ||
| 100 | 1 |
_aRoberts, Cecil. _997826 |
|
| 245 | 1 | 0 |
_aOcho hacia la eternidad / _cCecil Roberts ; [versión de Julio Fernández-Yáñez Gimeno]. |
| 260 |
_aBarcelona : _bCisne, _c1959. |
||
| 300 |
_a255 p. ; _c18 cm. |
||
| 700 | 1 |
_aFernández-Yáñez, Julio. _950195 |
|
| 852 |
_aES-MaACL _jC-17298 _bR.44062 |
||
| 999 |
_c131059 _d131059 |
||